00232nam a2200097Ia 4500008004100000100001400041245003600055260002200091260000900113546001200122170619s9999 xx 000 0 und d aMahajan M 0aIndustrial Engg. and Manegement bDhanpat Rai Pub. c2002 aENGLISH